000 00391nam a2200133Ia 4500
008 151001s9999||||xx |||||||||||||| ||und||
100 _aअर्चना वर्टीकर
245 _aरिकामी ओंजळ
250 _a1
260 _bचेतन्य प्रकाशन कोल्हापूर
260 _c2005
300 _a159
365 _b18
999 _c985048
_d985045